书目信息 |
| 题名: |
世界征服者史
|
|
| 作者: | 志费尼 著 ;波伊勒 , 何高济 英译 | |
| 分册: | 上 | |
| 出版信息: | 南京 江苏教育出版社 2005 |
|
| 页数: | 295页 | |
| 开本: | 24cm | |
| 丛书名: | 西方文库 | |
| 单 册: | ||
| 中图分类: | K827=47 | |
| 科图分类: | ||
| 主题词: | 中国--古代史--元代 , 成吉思汗(1162-1227)--人物研究 | |
| 电子资源: | ||
| ISBN: | 7-5343-6190-7 | |
| 000 | 01683nam0 2200409 450 | |
| 000 | 01646nam0 2200397 450 | |
| 000 | 01635nam0 2200409 450 | |
| 000 | 01581nam0 2200385 450 | |
| 000 | 01599nam0 2200373 450 | |
| 000 | 01562nam0 2200361 45 | |
| 001 | TS2006029119 | |
| 005 | 20070115090647.90 | |
| 010 | @a7-5343-6190-7@dCNY24.90 | |
| 100 | @a20060829d2005 em y0chiy0110 ea | |
| 101 | 2 | @achi@beng@cper |
| 102 | @aCN@b320000 | |
| 105 | @ab z 001yd | |
| 200 | 1 | @a世界征服者史@AShi Jie Zheng Fu Zhe Shi@h上@HShang@f(伊朗)志费尼著@F( Yi Lang ) Zhi Fei Ni Zhu@g何高济译 |
| 210 | @a南京@c江苏教育出版社@d2005 | |
| 215 | @a295页@c后附2页地图@d24cm | |
| 225 | 2 | @a西方文库@i学术译丛 |
| 300 | @a据波伊勒英译本翻译 | |
| 308 | @a丛书第一辑 | |
| 330 | @a本书是研究蒙古历史的一部重要著作,所叙述的年代,起自成吉思汗,止于旭烈兀平阿辛人的阿刺模忒诸堡。全书分为三部分:第一部分的内容包括蒙古前三汗,成吉思汗、窝阔台汗和贵由汗时期的历史;第二部分是中亚和波斯史;第三部分内容庞杂,它从拖雷开始,以较大的篇幅谈到蒙哥的登基及其统治初期的史实。 | |
| 410 | 0 | @12001 @a学术译丛 |
| 510 | 1 | @aThe History of the World-Conqueror Ata-Malik Tuvaini@zeng |
| 606 | @a中国@x古代史@z元代 | |
| 606 | 0 | @a成吉思汗(1162-1227)@x人物研究 |
| 690 | @aK827=47@v4 | |
| 701 | 0 | @c(伊朗)@a志费尼@AZhi Fei Ni@f(1226~?)@4著 |
| 702 | 0 | @c(英)@a波伊勒@ABo Yi Le@c(Boyle, J. A.)@4英译 |
| 702 | 0 | @a何高济@AHe Gao Ji@4译 |
| 801 | 0 | @aCN@b中图数据@c20070115 |
| 905 | @a10447@dK827=47@e401:1ZF | |
| 世界征服者史.上/(伊朗)志费尼著/何高济译.-南京:江苏教育出版社,2005 |
| 295页:后附2页地图;24cm.-(西方文库.学术译丛) |
| 据波伊勒英译本翻译 |
| ISBN 7-5343-6190-7:CNY24.90 |
| 本书是研究蒙古历史的一部重要著作,所叙述的年代,起自成吉思汗,止于旭烈兀平阿辛人的阿刺模忒诸堡。全书分为三部分:第一部分的内容包括蒙古前三汗,成吉思汗、窝阔台汗和贵由汗时期的历史;第二部分是中亚和波斯史;第三部分内容庞杂,它从拖雷开始,以较大的篇幅谈到蒙哥的登基及其统治初期的史实。 |
| ● |
| 相关链接 |
|
|
|
|
正题名:世界征服者史
索取号:K827=47/401:1ZF
 
预约/预借
| 序号 | 登录号 | 条形码 | 馆藏地/架位号 | 状态 | 备注 |
| 1 | 0617792 | 206177929 | 第二样本阅览室/ [索取号:K827=47/401:1ZF] | 在馆 | |
| 2 | 0617793 | 206177938 | 第二借阅区/ [索取号:K827=47/401:1ZF] | 在馆 | |
| 3 | 0617794 | 206177947 | 第二借阅区/ [索取号:K827=47/401:1ZF] | 在馆 | |
| 4 | 0617795 | 206177956 | 第二借阅区/ [索取号:K827=47/401:1ZF] | 在馆 | |
| 5 | 0617796 | 206177965 | 第二借阅区/ [索取号:K827=47/401:1ZF] | 在馆 |